[Event "NAYCC U18"]
[Site "Toronto CAN"]
[Date "2013.08.16"]
[Round "4"]
[White "Luo, Zhao Yang"]
[Black "Sohal, Tanraj"]
[Result "1/2-1/2"]
[WhiteElo "1982"]
[BlackElo "2497"]
[PlyCount "104"]
[GameId "2160767909292665"]
[EventDate "2013.08.14"]
[EventType "swiss"]
[EventRounds "9"]
[EventCountry "CAN"]
[SourceTitle "EXT 2022"]
[Source "ChessBase"]
[SourceDate "2021.10.06"]
[SourceVersion "1"]
[SourceVersionDate "2021.10.06"]
[SourceQuality "1"]

1. d4 d5 2. Nf3 Nf6 3. e3 g6 4. Be2 Bg7 5. O-O O-O 6. c4 c6 7. Nc3 a6 8. b3 b5 9. Ne5 e6 10. Bd2 Nfd7 11. f4 f6 12. Nd3 Bb7 13. a4 bxc4 14. bxc4 a5 15. cxd5 cxd5 16. Qb3 Bc6 17. Rab1 Kh8 18. Rfc1 Re8 19. Ne1 Bf8 20. Bb5 Bb4 21. Nd3 Bxb5 22. axb5 Bxc3 23. Qxc3 Nb6 24. Ra1 a4 25. Nb2 Qd7 26. Qb4 a3 27. Rxa3 Rxa3 28. Qxa3 Qxb5 29. Ba5 N6d7 30. Nd3 Kg8 31. Nc5 Rc8 32. Nxd7 Rxc1+ 33. Qxc1 Qxd7 34. Qc5 Nc6 35. Bc3 Qb7 36. Kf2 Kf7 37. g4 g5 38. f5 Qd7 39. e4 dxe4 40. fxe6+ Kxe6 41. Qf5+ Kd6 42. Qxf6+ Kd5 43. Qxg5+ Kc4 44. Qc5+ Kd3 45. d5 Qf7+ 46. Ke1 Qf3 47. Qb5+ Kxc3 48. dxc6 Qe3+ 49. Kf1 Qf3+ 50. Ke1 Qe3+ 51. Kf1 Qf3+ 52. Ke1 Qe3+ 1/2-1/2

[Event "NAYCC U18"]
[Site "Toronto CAN"]
[Date "2013.08.16"]
[Round "4"]
[White "Pamatmat, Jarod"]
[Black "Williams, Justus D"]
[Result "1/2-1/2"]
[WhiteElo "2341"]
[BlackElo "2366"]
[PlyCount "47"]
[GameId "2160767909292666"]
[EventDate "2013.08.14"]
[EventType "swiss"]
[EventRounds "9"]
[EventCountry "CAN"]
[SourceTitle "EXT 2022"]
[Source "ChessBase"]
[SourceDate "2021.10.06"]
[SourceVersion "1"]
[SourceVersionDate "2021.10.06"]
[SourceQuality "1"]

1. d4 e6 2. c4 Nf6 3. Nc3 Bb4 4. e3 O-O 5. Nge2 d5 6. a3 Bd6 7. Ng3 c6 8. Qc2 Nbd7 9. cxd5 cxd5 10. Be2 a6 11. a4 Nb8 12. O-O Nc6 13. Bd2 Bd7 14. b3 Qe7 15. Qb2 Rac8 16. Na2 Nb4 17. Rfc1 h6 18. Nxb4 Bxb4 19. Rxc8 Rxc8 20. Rc1 Bxd2 21. Rxc8+ Bxc8 22. Qxd2 Qa3 23. Qc2 Bd7 24. f3 1/2-1/2

[Event "NAYCC U18"]
[Site "Toronto CAN"]
[Date "2013.08.16"]
[Round "4"]
[White "Qin, Zi Yi (Joey)"]
[Black "Itkin, David"]
[Result "1-0"]
[WhiteElo "2460"]
[BlackElo "2182"]
[PlyCount "65"]
[GameId "2160767909292668"]
[EventDate "2013.08.14"]
[EventType "swiss"]
[EventRounds "9"]
[EventCountry "CAN"]
[SourceTitle "hb 2013"]

1. Nf3 Nf6 2. g3 g6 3. b3 Bg7 4. Bb2 d6 5. d4 O-O 6. Bg2 c5 7. O-O Nc6 8. d5 Nb4 9. c4 b5 10. Nbd2 bxc4 11. bxc4 Rb8 12. Bc3 e5 13. a3 Na6 14. e4 Ne8 15. Ne1 f5 16. Nd3 Qe7 17. Qc2 Nf6 18. Rae1 fxe4 19. Nxe4 Nxe4 20. Bxe4 Bh3 21. Bg2 Bf5 22. f4 e4 23. Bxe4 Bxe4 24. Bxg7 Kxg7 25. Qa4 Rfe8 26. Nf2 Qf6 27. Rxe4 Rxe4 28. Nxe4 Qd4+ 29. Nf2 Rb6 30. Qd7+ Kh6 31. Qxa7 Qb2 32. Ng4+ Kh5 33. Qxh7+ 1-0

[Event "NAYCC U18"]
[Site "Toronto CAN"]
[Date "2013.08.16"]
[Round "4"]
[White "Schneider, Thomas G"]
[Black "Sprumont, Oscar"]
[Result "1/2-1/2"]
[WhiteElo "1952"]
[BlackElo "1961"]
[PlyCount "101"]
[GameId "2160767909292669"]
[EventDate "2013.08.14"]
[EventType "swiss"]
[EventRounds "9"]
[EventCountry "CAN"]
[SourceTitle "EXT 2022"]
[Source "ChessBase"]
[SourceDate "2021.10.06"]
[SourceVersion "1"]
[SourceVersionDate "2021.10.06"]
[SourceQuality "1"]

1. e4 e6 2. d4 d5 3. exd5 exd5 4. c4 Nf6 5. Nc3 Be7 6. Bd3 dxc4 7. Bxc4 O-O 8. Nge2 Nbd7 9. O-O Nb6 10. Bd3 Nbd5 11. Nxd5 Nxd5 12. Nf4 g6 13. Re1 Bf6 14. Ne2 Nb4 15. Bc4 Bg4 16. Be3 Nd5 17. h3 Bxe2 18. Qxe2 c6 19. Rad1 Re8 20. Qf3 Bg7 21. Qg3 Qd7 22. Qg4 Qxg4 23. hxg4 Re7 24. Bxd5 cxd5 25. Rc1 Rae8 26. Red1 b6 27. g5 Rd7 28. Rc6 Kf8 29. Kf1 Ke7 30. Ke2 Rd6 31. Rc7+ Rd7 32. Rxd7+ Kxd7 33. Rh1 Bxd4 34. Rxh7 Re7 35. b3 Kd6 36. Kd3 Bxe3 37. fxe3 Ke5 38. g4 Rc7 39. Rh8 Rd7 40. Re8+ Kd6 41. Kd4 Rc7 42. Rd8+ Ke6 43. Rxd5 Rc2 44. Re5+ Kd6 45. a4 Rb2 46. Rb5 Rg2 47. a5 Rxg4+ 48. e4 Kc6 49. axb6 axb6 50. Rd5 Rg1 51. Re5 1/2-1/2

[Event "NAYCC U18"]
[Site "Toronto CAN"]
[Date "2013.08.16"]
[Round "4"]
[White "Semianiuk, Konstantin"]
[Black "Florea, Alexandru"]
[Result "1-0"]
[WhiteElo "2315"]
[BlackElo "2122"]
[PlyCount "75"]
[GameId "2160767909292670"]
[EventDate "2013.08.14"]
[EventType "swiss"]
[EventRounds "9"]
[EventCountry "CAN"]
[SourceTitle "EXT 2022"]
[Source "ChessBase"]
[SourceDate "2021.10.06"]
[SourceVersion "1"]
[SourceVersionDate "2021.10.06"]
[SourceQuality "1"]

1. e4 c5 2. Nf3 d6 3. d4 cxd4 4. Qxd4 Nc6 5. Bb5 Bd7 6. Bxc6 Bxc6 7. Nc3 Nf6 8. Bg5 e6 9. O-O-O Be7 10. Rhe1 O-O 11. Qd2 Qb6 12. Nd4 Rac8 13. Kb1 Rfd8 14. f3 Qc7 15. g4 b5 16. h4 b4 17. Nce2 Be8 18. Ng3 h6 19. Be3 d5 20. e5 Nh7 21. g5 a5 22. Nh5 a4 23. gxh6 g6 24. Ng7 b3 25. cxb3 axb3 26. Nxb3 Ba4 27. h5 g5 28. Rc1 Qb7 29. Nd4 Bb4 30. Qd3 Bxe1 31. Rxe1 Rb8 32. b3 Bb5 33. Qd2 Qa6 34. Rd1 Rdc8 35. Bxg5 Qa3 36. Bf6 Nxf6 37. exf6 Ba6 38. Ngxe6 1-0

[Event "NAYCC U18"]
[Site "Toronto CAN"]
[Date "2013.08.16"]
[Round "4"]
[White "Song, Michael"]
[Black "Liang, Awonder"]
[Result "0-1"]
[WhiteElo "2368"]
[BlackElo "2268"]
[PlyCount "86"]
[GameId "2160767909292671"]
[EventDate "2013.08.14"]
[EventType "swiss"]
[EventRounds "9"]
[EventCountry "CAN"]
[SourceTitle "EXT 2022"]
[Source "ChessBase"]
[SourceDate "2021.10.06"]
[SourceVersion "1"]
[SourceVersionDate "2021.10.06"]
[SourceQuality "1"]

1. e4 c5 2. Ne2 d6 3. g3 g6 4. Bg2 Bg7 5. c3 Nf6 6. d4 cxd4 7. cxd4 O-O 8. Nbc3 e5 9. d5 a5 10. Nb5 Na6 11. Nec3 Nc5 12. Be3 b6 13. f3 Ba6 14. Bf1 Ne8 15. a3 Nc7 16. Nxc7 Qxc7 17. Bxa6 Rxa6 18. Qe2 Raa8 19. Nb5 Qd7 20. Bxc5 bxc5 21. a4 Bh6 22. O-O f5 23. Kg2 Rf6 24. b3 Raf8 25. Rae1 Kh8 26. Na3 Qb7 27. Nb5 Qd7 28. Rd1 Qf7 29. Rb1 Bg7 30. Qe1 h5 31. exf5 gxf5 32. Qxa5 f4 33. Qd2 fxg3 34. hxg3 h4 35. Qe3 Qg6 36. g4 Bh6 37. Qe2 Rxf3 38. Rxf3 Qxg4+ 39. Kh2 Rxf3 40. Qg2 Rh3+ 41. Qxh3 Bf4+ 42. Kh1 Qxh3+ 43. Kg1 Be3# 0-1

[Event "NAYCC U18"]
[Site "Toronto CAN"]
[Date "2013.08.16"]
[Round "4"]
[White "Zhang, Eric"]
[Black "MacDonald, Sydney"]
[Result "1-0"]
[WhiteElo "2167"]
[BlackElo "725"]
[PlyCount "45"]
[GameId "2160767909292673"]
[EventDate "2013.08.14"]
[EventType "swiss"]
[EventRounds "9"]
[EventCountry "CAN"]
[SourceTitle "EXT 2022"]
[Source "ChessBase"]
[SourceDate "2021.10.06"]
[SourceVersion "1"]
[SourceVersionDate "2021.10.06"]
[SourceQuality "1"]

1. e4 e5 2. Nf3 Nc6 3. Bc4 Bc5 4. O-O Nf6 5. d3 O-O 6. c3 d6 7. h3 Qe7 8. a4 a6 9. Bb3 h6 10. Re1 Be6 11. Bc2 Bb6 12. d4 exd4 13. cxd4 Bd7 14. Nc3 Qd8 15. e5 dxe5 16. dxe5 Nh7 17. Bxh6 Re8 18. Bxh7+ Kxh7 19. Ng5+ Kg6 20. Qf3 Nxe5 21. Qg3 Kxh6 22. Rxe5 Rxe5 23. Nxf7+ 1-0

[Event "NAYCC U18"]
[Site "Toronto CAN"]
[Date "2013.08.16"]
[Round "5"]
[White "Colas, Joshua"]
[Black "Pamatmat, Jarod"]
[Result "1/2-1/2"]
[WhiteElo "2405"]
[BlackElo "2341"]
[PlyCount "55"]
[GameId "2160767909292676"]
[EventDate "2013.08.14"]
[EventType "swiss"]
[EventRounds "9"]
[EventCountry "CAN"]
[SourceTitle "EXT 2022"]
[Source "ChessBase"]
[SourceDate "2021.10.06"]
[SourceVersion "1"]
[SourceVersionDate "2021.10.06"]
[SourceQuality "1"]

1. d4 e6 2. c4 Nf6 3. Nf3 d5 4. g3 Bb4+ 5. Bd2 Be7 6. Bg2 c6 7. Qc2 Nbd7 8. O-O b6 9. cxd5 cxd5 10. Nc3 Bb7 11. a4 a6 12. Ne1 Rc8 13. Qd1 Ne4 14. f3 Nxd2 15. Qxd2 O-O 16. Nd3 Bf6 17. e3 e5 18. dxe5 Nxe5 19. Nxe5 Bxe5 20. Ne2 Qf6 21. Rab1 Rfe8 22. Rfe1 Bd6 23. Nd4 Rc4 24. b4 Be5 25. Bf1 Bxd4 26. exd4 Rxe1 27. Rxe1 Rc8 28. Bh3 1/2-1/2

[Event "NAYCC U18"]
[Site "Toronto CAN"]
[Date "2013.08.16"]
[Round "5"]
[White "Florea, Alexandru"]
[Black "Farrant-Diaz, Nathan"]
[Result "1-0"]
[WhiteElo "2122"]
[BlackElo "1906"]
[PlyCount "83"]
[GameId "2160767909292677"]
[EventDate "2013.08.14"]
[EventType "swiss"]
[EventRounds "9"]
[EventCountry "CAN"]
[SourceTitle "EXT 2022"]
[Source "ChessBase"]
[SourceDate "2021.10.06"]
[SourceVersion "1"]
[SourceVersionDate "2021.10.06"]
[SourceQuality "1"]

1. e4 g6 2. d4 Bg7 3. Nc3 d6 4. Be3 a6 5. a4 Nf6 6. f3 Nc6 7. Bc4 O-O 8. Nge2 e5 9. O-O exd4 10. Nxd4 Qe7 11. Nxc6 bxc6 12. Bd4 Be6 13. Bxe6 Qxe6 14. Ne2 c5 15. Bc3 c6 16. Nf4 Qe7 17. Re1 Qd7 18. Nd3 Rab8 19. b3 Qa7 20. Kh1 d5 21. e5 Nd7 22. f4 d4 23. Ba5 Rfe8 24. Qf3 Qb7 25. Nb2 Nb6 26. Bxb6 Qxb6 27. Nc4 Qc7 28. Nd6 Red8 29. Rad1 f6 30. Nc4 fxe5 31. fxe5 Re8 32. e6 Re7 33. Qg4 Rf8 34. Rf1 Bh6 35. Rxf8+ Bxf8 36. Re1 Bh6 37. Qe4 Bg5 38. Rf1 Qc8 39. Qe5 h6 40. Rf7 Rxf7 41. exf7+ Kf8 42. Qh8+ 1-0

[Event "NAYCC U18"]
[Site "Toronto CAN"]
[Date "2013.08.16"]
[Round "5"]
[White "Inigo, Aquino"]
[Black "Semianiuk, Konstantin"]
[Result "0-1"]
[WhiteElo "2241"]
[BlackElo "2315"]
[PlyCount "88"]
[GameId "2160767909292678"]
[EventDate "2013.08.14"]
[EventType "swiss"]
[EventRounds "9"]
[EventCountry "CAN"]
[SourceTitle "EXT 2022"]
[Source "ChessBase"]
[SourceDate "2021.10.06"]
[SourceVersion "1"]
[SourceVersionDate "2021.10.06"]
[SourceQuality "1"]

1. d4 d6 2. c4 e5 3. d5 f5 4. Nc3 Nf6 5. f3 g6 6. e4 Bg7 7. Bd3 O-O 8. Be3 fxe4 9. Nxe4 c6 10. Qd2 Kh8 11. Bc2 cxd5 12. cxd5 Na6 13. Ne2 Nc7 14. N2c3 b6 15. O-O Bb7 16. Bb3 Qd7 17. f4 Ng4 18. fxe5 Nxe3 19. Rxf8+ Rxf8 20. e6 Qe7 21. Qxe3 Be5 22. g3 Kg7 23. Rf1 Rxf1+ 24. Kxf1 h6 25. Bc4 Ne8 26. Ke2 Nf6 27. Nxf6 Qxf6 28. Qf3 Qe7 29. h4 h5 30. b3 a6 31. a4 Qf8 32. Qd3 Qf6 33. Ne4 Qf5 34. Qf3 Kf8 35. Ke3 b5 36. axb5 axb5 37. Bxb5 Bxd5 38. Qxf5+ gxf5 39. Nf2 Bxg3 40. Be2 Bxh4 41. Bxh5 Bxe6 42. Kf3 Bxb3 43. Nd3 Ke7 44. Kf4 Ke6 0-1

[Event "NAYCC U18"]
[Site "Toronto CAN"]
[Date "2013.08.16"]
[Round "5"]
[White "Itkin, David"]
[Black "Knox, Christopher"]
[Result "0-1"]
[WhiteElo "2182"]
[BlackElo "2319"]
[PlyCount "95"]
[GameId "2160767909292679"]
[EventDate "2013.08.14"]
[EventType "swiss"]
[EventRounds "9"]
[EventCountry "CAN"]
[SourceTitle "EXT 2022"]
[Source "ChessBase"]
[SourceDate "2021.10.06"]
[SourceVersion "1"]
[SourceVersionDate "2021.10.06"]
[SourceQuality "1"]

1. e4 c5 2. Nc3 Nc6 3. Nf3 g6 4. d4 cxd4 5. Nxd4 Bg7 6. Be3 Nf6 7. Bc4 d6 8. h3 O-O 9. O-O Bd7 10. f4 Qb6 11. Qd3 Qa5 12. Bb3 Rac8 13. Rae1 Nb4 14. Qd2 Rxc3 15. bxc3 Na6 16. Bf2 Nc5 17. Bd5 Nxd5 18. exd5 Qxa2 19. Rxe7 Qxd5 20. Nb3 Qxd2 21. Nxd2 Bc6 22. Nc4 Bf6 23. Ree1 Bxc3 24. Rd1 Ne6 25. f5 Nf4 26. Bxa7 Nxg2 27. Nxd6 Nh4 28. fxg6 hxg6 29. Bc5 f5 30. Rb1 f4 31. Rb3 Bg7 32. Nxb7 Rf5 33. Be7 Bd4+ 34. Kh2 Re5 35. Rxf4 Re2+ 36. Kg3 Nf5+ 37. Rxf5 gxf5 38. Bd6 Rxc2 39. Kf4 Rf2+ 40. Kg5 Kg7 41. Bf4 Be4 42. Rg3 Bf6+ 43. Kh5+ Kh7 44. Bg5 Be5 45. Rb3 Rf3 46. Nc5 Bd4 47. Rxf3 Bxf3+ 48. Kh4 0-1

[Event "NAYCC U18"]
[Site "Toronto CAN"]
[Date "2013.08.16"]
[Round "5"]
[White "Liang, Awonder"]
[Black "Vibbert, Sean"]
[Result "1-0"]
[WhiteElo "2268"]
[BlackElo "2426"]
[PlyCount "89"]
[GameId "2160767909292682"]
[EventDate "2013.08.14"]
[EventType "swiss"]
[EventRounds "9"]
[EventCountry "CAN"]
[SourceTitle "EXT 2022"]
[Source "ChessBase"]
[SourceDate "2021.10.06"]
[SourceVersion "1"]
[SourceVersionDate "2021.10.06"]
[SourceQuality "1"]

1. e4 c5 2. Nf3 Nc6 3. Bb5 d6 4. O-O Nf6 5. Re1 Bd7 6. c3 a6 7. Bf1 Bg4 8. h3 Bxf3 9. Qxf3 g6 10. d3 Bg7 11. Be3 Nd7 12. Qd1 O-O 13. Nd2 e6 14. Nf3 Nce5 15. Nxe5 dxe5 16. d4 exd4 17. cxd4 cxd4 18. Bxd4 Ne5 19. Be3 Nc6 20. Qb3 Qe7 21. Rac1 Rfd8 22. Bc5 Qg5 23. Be3 Qe7 24. Bc5 Qg5 25. Be3 Qh4 26. Qxb7 Nd4 27. Red1 Rab8 28. Qxa6 Qxe4 29. b3 Be5 30. Qc4 Rd5 31. Rd2 Rbd8 32. Rcd1 Bf6 33. a4 g5 34. a5 e5 35. a6 R5d7 36. b4 Qh4 37. Bxd4 exd4 38. g3 Qe4 39. Bg2 Qf5 40. b5 Rb8 41. b6 Rxb6 42. Qc8+ Kg7 43. a7 Qb5 44. a8=Q Rd8 45. Qxd8 1-0

[Event "NAYCC U18"]
[Site "Toronto CAN"]
[Date "2013.08.16"]
[Round "5"]
[White "MacDonald, Sydney"]
[Black "Schneider, Thomas G"]
[Result "0-1"]
[WhiteElo "725"]
[BlackElo "1952"]
[PlyCount "50"]
[GameId "2160767909292683"]
[EventDate "2013.08.14"]
[EventType "swiss"]
[EventRounds "9"]
[EventCountry "CAN"]
[SourceTitle "EXT 2022"]
[Source "ChessBase"]
[SourceDate "2021.10.06"]
[SourceVersion "1"]
[SourceVersionDate "2021.10.06"]
[SourceQuality "1"]

1. e4 e5 2. Nf3 Nc6 3. Bc4 Bc5 4. c3 Nf6 5. d3 d6 6. O-O Bg4 7. b4 Bb6 8. a4 a5 9. b5 Ne7 10. Re1 Ng6 11. h3 Bd7 12. d4 Qe7 13. Bd3 O-O 14. d5 Nh5 15. Qc2 Ngf4 16. Bf1 Qf6 17. Kh2 Nxh3 18. Be3 N3f4 19. Nbd2 Bxe3 20. fxe3 Ng6 21. Re2 Qe7 22. Rf2 f5 23. exf5 Bxf5 24. Bd3 Bxd3 25. Qxd3 Nf6 0-1

[Event "NAYCC U18"]
[Site "Toronto CAN"]
[Date "2013.08.16"]
[Round "5"]
[White "Nasir, Pi"]
[Black "Zheng, Kyle"]
[Result "1-0"]
[WhiteElo "1947"]
[BlackElo "1359"]
[PlyCount "63"]
[GameId "2160767909292684"]
[EventDate "2013.08.14"]
[EventType "swiss"]
[EventRounds "9"]
[EventCountry "CAN"]
[SourceTitle "EXT 2022"]
[Source "ChessBase"]
[SourceDate "2021.10.06"]
[SourceVersion "1"]
[SourceVersionDate "2021.10.06"]
[SourceQuality "1"]

1. Nf3 f5 2. b3 Nf6 3. Bb2 Nc6 4. g3 d6 5. Bg2 e5 6. O-O Bd7 7. c4 Qe7 8. Nc3 Nd8 9. Qc2 c6 10. e4 f4 11. d4 g5 12. dxe5 dxe5 13. Nxe5 Bg7 14. Nxd7 Nxd7 15. Rad1 Ne6 16. Rfe1 Nd4 17. Qc1 f3 18. Bf1 O-O-O 19. Nd5 cxd5 20. cxd5+ Kb8 21. Bxd4 Rc8 22. Qb2 Ne5 23. Rc1 Qd6 24. a4 h5 25. Rxc8+ Rxc8 26. Rc1 Rh8 27. Qc3 h4 28. Qc5 Qxc5 29. Rxc5 hxg3 30. fxg3 Bf8 31. Bxe5+ Ka8 32. Rc8# 1-0

[Event "NAYCC U18"]
[Site "Toronto CAN"]
[Date "2013.08.16"]
[Round "5"]
[White "Sohal, Tanraj"]
[Black "Zhang, Eric"]
[Result "1-0"]
[WhiteElo "2265"]
[BlackElo "2167"]
[PlyCount "99"]
[GameId "2160767909292686"]
[EventDate "2013.08.14"]
[EventType "swiss"]
[EventRounds "9"]
[EventCountry "CAN"]
[SourceTitle "EXT 2022"]
[Source "ChessBase"]
[SourceDate "2021.10.06"]
[SourceVersion "1"]
[SourceVersionDate "2021.10.06"]
[SourceQuality "1"]

1. d4 Nf6 2. c4 g6 3. d5 d6 4. Nc3 Bg7 5. e4 O-O 6. Nf3 Nbd7 7. Be2 a6 8. O-O Rb8 9. Qc2 e5 10. b4 Ne8 11. Ne1 f5 12. Nd3 Ndf6 13. f3 f4 14. c5 Rf7 15. b5 axb5 16. Nxb5 Bf8 17. Na7 g5 18. Nxc8 Qxc8 19. Ba3 Rg7 20. cxd6 cxd6 21. Qxc8 Rxc8 22. Rfc1 Rgc7 23. Rxc7 Rxc7 24. Rc1 Rxc1+ 25. Nxc1 Be7 26. Nb3 Bd8 27. Nd2 Bc7 28. Bb5 h5 29. Nc4 Kg7 30. Bb4 Kf7 31. a4 g4 32. Kf1 h4 33. h3 g3 34. Ke2 b6 35. Bc6 Kg7 36. Kd3 Kf7 37. Ba3 Kg7 38. Kc2 Kg8 39. Kb3 Kf7 40. Kb4 Ke7 41. Kb5 Nd7 42. Bxd7 Kxd7 43. Nxb6+ Bxb6 44. Kxb6 Nf6 45. Bc1 Nh7 46. a5 Kc8 47. a6 Kb8 48. Bd2 Ng5 49. Be1 Ka8 50. Kc6 1-0

[Event "NAYCC U18"]
[Site "Toronto CAN"]
[Date "2013.08.16"]
[Round "5"]
[White "Song, Guangyu"]
[Black "Luo, Zhao Yang"]
[Result "1/2-1/2"]
[WhiteElo "1609"]
[BlackElo "1982"]
[PlyCount "59"]
[GameId "2160767909292687"]
[EventDate "2013.08.14"]
[EventType "swiss"]
[EventRounds "9"]
[EventCountry "CAN"]
[SourceTitle "EXT 2022"]
[Source "ChessBase"]
[SourceDate "2021.10.06"]
[SourceVersion "1"]
[SourceVersionDate "2021.10.06"]
[SourceQuality "1"]

1. d4 d5 2. c4 e6 3. Nf3 Nf6 4. Bg5 Be7 5. Nc3 O-O 6. e3 b6 7. Rc1 Bb7 8. cxd5 Nxd5 9. Bxe7 Qxe7 10. Bd3 c6 11. O-O Nd7 12. e4 Nf4 13. Bb1 Nf6 14. Qd2 Ng6 15. e5 Nd5 16. Ne4 Rad8 17. Nd6 Ba8 18. Rfe1 Nc7 19. Qe3 Nb5 20. Nxb5 cxb5 21. Be4 Bd5 22. Bxd5 Rxd5 23. Rc2 Rfd8 24. h3 h6 25. Rec1 Nh4 26. Rc7 R5d7 27. Rxd7 Nxf3+ 28. Qxf3 Qxd7 29. Rd1 Qc7 30. Qc3 1/2-1/2

[Event "NAYCC U18"]
[Site "Toronto CAN"]
[Date "2013.08.16"]
[Round "5"]
[White "Williams, Justus D"]
[Black "Cao, Jason"]
[Result "1-0"]
[WhiteElo "2366"]
[BlackElo "2297"]
[PlyCount "59"]
[GameId "2160767909292688"]
[EventDate "2013.08.14"]
[EventType "swiss"]
[EventRounds "9"]
[EventCountry "CAN"]
[SourceTitle "EXT 2022"]
[Source "ChessBase"]
[SourceDate "2021.10.06"]
[SourceVersion "1"]
[SourceVersionDate "2021.10.06"]
[SourceQuality "1"]

1. Nf3 c5 2. c4 Nf6 3. g3 d5 4. cxd5 Nxd5 5. Bg2 Nc6 6. Nc3 Nc7 7. O-O e5 8. d3 Be7 9. Be3 O-O 10. Na4 Ne6 11. Rc1 Qa5 12. Bd2 Qd8 13. Be3 Qa5 14. Bd2 Qb5 15. Nc3 Qxb2 16. Nd5 Bd6 17. a4 Ned4 18. Nxd4 Nxd4 19. e3 Nb3 20. Rc2 Qa3 21. Rc3 Qxa4 22. Qxb3 Qxb3 23. Rxb3 Bf5 24. e4 Bc8 25. Ra1 a6 26. Rb6 Rd8 27. Ba5 Bf8 28. Rbb1 Rd6 29. Bc7 Rc6 30. Nb6 1-0

[Event "NAYCC U18"]
[Site "Toronto CAN"]
[Date "2013.08.17"]
[Round "6"]
[White "Colas, Joshua"]
[Black "Williams, Justus D"]
[Result "0-1"]
[WhiteElo "2405"]
[BlackElo "2366"]
[PlyCount "146"]
[GameId "2160767909292690"]
[EventDate "2013.08.14"]
[EventType "swiss"]
[EventRounds "9"]
[EventCountry "CAN"]
[SourceTitle "EXT 2022"]
[Source "ChessBase"]
[SourceDate "2021.10.06"]
[SourceVersion "1"]
[SourceVersionDate "2021.10.06"]
[SourceQuality "1"]

1. d4 e6 2. Nf3 c5 3. c4 cxd4 4. Nxd4 Nf6 5. Nc3 a6 6. e4 Qc7 7. Be2 Bb4 8. Qd3 O-O 9. O-O d6 10. Bd2 Nbd7 11. Qc2 Nc5 12. f3 Bd7 13. Kh1 Rfc8 14. Rac1 Bxc3 15. Qxc3 d5 16. cxd5 exd5 17. Nf5 Qd8 18. Qe5 Bxf5 19. exf5 Ncd7 20. Qf4 Rxc1 21. Rxc1 Rc8 22. Rxc8 Qxc8 23. g4 Qc2 24. Qd4 h6 25. h4 Ne5 26. Kg2 Nc6 27. Qc3 Qa4 28. a3 Nd4 29. b3 Qe8 30. Bd3 Nc6 31. b4 Nd7 32. b5 axb5 33. Bxb5 d4 34. Qc1 Nde5 35. Qe1 Qd8 36. Bxc6 Nxc6 37. g5 hxg5 38. hxg5 Qd7 39. Qe4 Ne7 40. f6 gxf6 41. gxf6 Ng6 42. Kf2 Qd8 43. Qxb7 Qxf6 44. Qb8+ Kh7 45. Qh2+ Kg8 46. a4 Qc6 47. Qb8+ Kg7 48. a5 Qc2 49. Qb4 Qd3 50. Bc1 Ne5 51. Qa3 Qd1 52. a6 Nd3+ 53. Kg2 Qe2+ 54. Kg1 Qf2+ 55. Kh1 Qxf3+ 56. Kh2 Qf2+ 57. Kh3 Qf1+ 58. Kh2 Qe2+ 59. Kg3 Qf2+ 60. Kh3 Qf5+ 61. Kg3 Qg6+ 62. Kh2 Qh5+ 63. Kg3 Qe5+ 64. Kh3 Qf5+ 65. Kg2 Qf2+ 66. Kh3 Qf1+ 67. Kg3 Qg1+ 68. Kf3 Qh1+ 69. Kg3 Nxc1 70. a7 Ne2+ 71. Kf2 Qh2+ 72. Ke1 Nc3 73. Qe7 Qg1+ 0-1

[Event "NAYCC U18"]
[Site "Toronto CAN"]
[Date "2013.08.17"]
[Round "6"]
[White "Farrant-Diaz, Nathan"]
[Black "Sprumont, Oscar"]
[Result "1/2-1/2"]
[WhiteElo "1906"]
[BlackElo "1961"]
[PlyCount "88"]
[GameId "2160767909292691"]
[EventDate "2013.08.14"]
[EventType "swiss"]
[EventRounds "9"]
[EventCountry "CAN"]
[SourceTitle "EXT 2022"]
[Source "ChessBase"]
[SourceDate "2021.10.06"]
[SourceVersion "1"]
[SourceVersionDate "2021.10.06"]
[SourceQuality "1"]

1. d4 Nf6 2. c4 g6 3. Nc3 d5 4. cxd5 Nxd5 5. e4 Nxc3 6. bxc3 Bg7 7. Bc4 c5 8. Ne2 Nc6 9. Be3 O-O 10. O-O Bg4 11. f3 Na5 12. Bd3 cxd4 13. cxd4 Be6 14. Bf2 Rc8 15. a4 Bc4 16. Rb1 Qd7 17. Qd2 b6 18. Rb4 Rc7 19. Bxc4 Nxc4 20. Qd3 Rfc8 21. Rc1 Na5 22. Rxc7 Qxc7 23. Bg3 Qd7 24. Qb5 Qxb5 25. axb5 e6 26. Rb2 Rd8 27. Bf2 Nc4 28. Ra2 Rd7 29. Rc2 Nd6 30. Be3 h6 31. Nc3 Nc4 32. Bf2 Bxd4 33. Bxd4 Rxd4 34. Ne2 Rd1+ 35. Kf2 Nd6 36. Nc3 Rd4 37. e5 Nb7 38. Ke3 Rc4 39. Kd3 Rc5 40. f4 Kf8 41. Ra2 Na5 42. g3 Ke7 43. Ra3 Kd7 44. Kd4 Rc4+ 1/2-1/2

[Event "NAYCC U18"]
[Site "Toronto CAN"]
[Date "2013.08.17"]
[Round "6"]
[White "Florea, Alexandru"]
[Black "Song, Guangyu"]
[Result "1/2-1/2"]
[WhiteElo "2122"]
[BlackElo "1609"]
[PlyCount "51"]
[GameId "2160767909292692"]
[EventDate "2013.08.14"]
[EventType "swiss"]
[EventRounds "9"]
[EventCountry "CAN"]
[SourceTitle "EXT 2022"]
[Source "ChessBase"]
[SourceDate "2021.10.06"]
[SourceVersion "1"]
[SourceVersionDate "2021.10.06"]
[SourceQuality "1"]

1. Nf3 Nf6 2. b3 e6 3. Bb2 c5 4. e3 Nc6 5. d4 b6 6. Be2 Be7 7. dxc5 bxc5 8. O-O O-O 9. c4 d5 10. cxd5 exd5 11. Nc3 Bb7 12. Rc1 Rc8 13. Qd3 d4 14. exd4 Nb4 15. Qd2 Bxf3 16. Bxf3 cxd4 17. Nb5 Qb6 18. Nxd4 Nxa2 19. Rxc8 Rxc8 20. Nf5 Bb4 21. Qg5 Bf8 22. Nh6+ Kh8 23. Nxf7+ Kg8 24. Bd5 Rc5 25. Nh6+ Kh8 26. Nf7+ 1/2-1/2

[Event "NAYCC U18"]
[Site "Toronto CAN"]
[Date "2013.08.17"]
[Round "6"]
[White "Knox, Christopher"]
[Black "Qin, Zi Yi (Joey)"]
[Result "0-1"]
[WhiteElo "2329"]
[BlackElo "2460"]
[PlyCount "116"]
[GameId "2160767909292694"]
[EventDate "2013.08.14"]
[EventType "swiss"]
[EventRounds "9"]
[EventCountry "CAN"]

1. d4 Nf6 2. c4 g6 3. Nc3 Bg7 4. e4 d6 5. Bd3 O-O 6. Nge2 e5 7. d5 c6 8. h3 Na6 9. Bg5 Nc5 10. Bc2 a5 11. Qd2 cxd5 12. cxd5 Bd7 13. g4 b5 14. Ng3 b4 15. Nce2 Qb6 16. Rg1 b3 17. axb3 Nxb3 18. Bxb3 Qxb3 19. Ra3 Qc4 20. Rc3 Qa2 21. b3 Qb1+ 22. Qc1 Qxc1+ 23. Nxc1 Rfb8 24. f3 a4 25. bxa4 Rb2 26. Nce2 Rxa4 27. Kf2 h6 28. Bc1 Rb7 29. Be3 Ra2 30. Rcc1 Rab2 31. Ra1 Bf8 32. Ra8 Rb8 33. Rxb8 Rxb8 34. Ra1 Rb2 35. Ra8 Ne8 36. Rd8 Bb5 37. Rb8 Kg7 38. Rb7 Nf6 39. Bxh6+ Kxh6 40. Rxf7 Bg7 41. g5+ Kxg5 42. Rxg7 Bxe2 43. Nxe2 Nh5 44. h4+ Kf6 45. Rd7 Nf4 46. Rxd6+ Ke7 47. Re6+ Nxe6 48. dxe6 Kxe6 49. f4 Rb3 50. Kg2 Re3 51. Kf2 Rxe4 52. Kf3 Rxe2 53. Kxe2 exf4 54. Kf2 Ke5 55. Ke2 Ke4 56. Kf2 f3 57. Kf1 Kf4 58. Kg1 Kg3 0-1